SNL Hosts Quiz Stats

 Plays Quiz Updated Nov 20, 2018

Score 0/19 Timer 04:00
10 Plays Today
# times hosted Host % Correct
15Steve Martin
83.9%
17Alec Baldwin
78.2%
5Justin Timberlake
67.8%
6Tina Fey
57.9%
8Chevy Chase
53.1%
9Tom Hanks
52.9%
5Dwayne Johnson
39.1%
13John Goodman
38.9%
5Bill Murray
38.1%
7Christopher Walken
35.5%
# times hosted Host % Correct
5Melissa McCarthy
34.8%
5Ben Affleck
31.4%
5Jonah Hill
31%
6Drew Barrymore
24%
5Scarlett Johansson
23.3%
10Buck Henry
16.8%
5Candice Bergen
16.8%
6Elliott Gould
14%
6Danny DeVito
12.6%

You're not logged in!

Compare scores with friends on all Sporcle quizzes.
OR
Log In

Sporcle TV

Today on Sporcle TV


Watch our educational content, quiz creation guides, and fun videos on Sporcle TV.

Show Comments

Extras

Top Quizzes Today


Score Distribution

Your Account Isn't Verified!

In order to create a playlist on Sporcle, you need to verify the email address you used during registration. Go to your Sporcle Settings to finish the process.

Report this User

Report this user for behavior that violates our Community Guidelines.

Details: